00338nam a2200133Ia 4500008004100000020001800041041000800059082001500067100001200082245005900094260003200153300000900185500001000194220803s9999 xx 000 0 und d a9781842222065 aeng a720.92 CRA aCraze R aVaastu : The Indian Spiritual Alternative To Feng Shui aLondonbCarlton Booksc2001 a144p aARCHI